Catalog

Record Details

Catalog Search



Meet Tiny Titans East! / by Eisner Winners Art ... Read More

Baltazar, Art.(Author).
Aureliani, Franco.(Added Author).
Series: Tiny Titans

Available copies

  • 1 of 1 copy available at LARL/NWRL Consortium.
  • 1 of 1 copy available at Lake Agassiz Regional Library. (Show preferred library)

Current holds

0 current holds with 1 total copy.

Show Only Available Copies
Location Call Number / Copy Notes Barcode Shelving Location Status Due Date
Moorhead Public Library J G BAL (Text) 33500011621448 Main Available -

Record details

  • ISBN: 9781434246967 (library binding)
  • ISBN: 1434246965 (library binding)
  • Physical Description: 25 p. : col. ill. ; 27 cm.
  • Publisher: North Mankato, Minn. : Stone Arch Books, 2013.

Content descriptions

General Note:
"A Capstone imprint"--T.p. verso.
"First published by DC Comics."
"Eisner Award Winner: Best Publication for Kids"--Cover.
Summary, etc.:
A group of Tiny Titans from the East side of the ... Read More
Target Audience Note:
006-009.
RL: 2.5.
GRL: K.
Subject: Graphic novels.
Superheroes > Fiction.
Humorous stories.
Tiny Titans (Fictitious characters) > Comic books, strips, etc. > Juvenile fiction.
Superheroes > Comic books, strips, etc. > Juvenile fiction.
Playgrounds > Comic books, strips, etc. > Juvenile fiction.
Genre: Graphic novels.
Superhero comic books, strips, etc.
LDR 02063cam a2200517 a 4500
001159405
003LARL_NWRL_CONSORTIUM
00520131126090452.0
008120910s2013 mnua b 6 000 1 eng c
020 . ‡a9781434246967 (library binding)
020 . ‡a1434246965 (library binding)
035 . ‡a(OCoLC)808216627
042 . ‡alcac ‡apcc
08200. ‡a741.5/973 ‡223
1001 . ‡aBaltazar, Art. ‡0(LARL_NWRL_CONSORTIUM)202602
24510. ‡aMeet Tiny Titans East! / ‡cby Eisner Winners Art Baltazar & Franco.
260 . ‡aNorth Mankato, Minn. : ‡bStone Arch Books, ‡c2013.
300 . ‡a25 p. : ‡bcol. ill. ; ‡c27 cm.
4900 . ‡aTiny Titans
500 . ‡a"A Capstone imprint"--T.p. verso.
500 . ‡a"First published by DC Comics."
500 . ‡a"Eisner Award Winner: Best Publication for Kids"--Cover.
5211 . ‡a006-009.
5210 . ‡aRL: 2.5.
5210 . ‡aGRL: K.
520 . ‡aA group of Tiny Titans from the East side of the playground are coming to visit the originals, but they are definitely not heroes.
650 1. ‡aGraphic novels. ‡0(LARL_NWRL_CONSORTIUM)40036
650 1. ‡aSuperheroes ‡vFiction.
650 1. ‡aHumorous stories. ‡0(LARL_NWRL_CONSORTIUM)22555
650 0. ‡aTiny Titans (Fictitious characters) ‡vComic books, strips, etc. ‡vJuvenile fiction.
650 0. ‡aSuperheroes ‡vComic books, strips, etc. ‡vJuvenile fiction.
650 0. ‡aPlaygrounds ‡vComic books, strips, etc. ‡vJuvenile fiction.
655 0. ‡aGraphic novels.
655 7. ‡aSuperhero comic books, strips, etc. ‡2gsafd
7001 . ‡aAureliani, Franco. ‡0(LARL_NWRL_CONSORTIUM)202603
901 . ‡a159405 ‡bOCLC ‡c159405 ‡tbiblio

Additional Resources